000 00280nam a22001097a 4500
008 160422b xxu||||| |||| 00| 0 eng d
020 _a9781416064107
041 _aeng
080 _a618.2
245 _aInfusion nursing:
_cMary Alexander; Ann Corrigan ;Lisa Gorski;
942 _2udc
_cBK
999 _c1511
_d1511